All Tobu Debuts on NCS - Statistics

General Stats
  • This quiz has been taken 18 times
    13 since last reset
  • The average score is 20 of 27
Answer Stats
Feat. Title Views % Correct
- Candyland 70M (before remove)
100%
Itro Cloud 9 125M (before remove)
89%
- Faster 521K
89%
- Hope 161M (before remove)
89%
- Infectious 77M (before remove)
89%
- Colors 13M (before remove)
78%
Anna Yvette, Electro-Light, DEAF KEV, Jim Yosef Destiny 2,5M
78%
Syndec Dusk 21M (before remove)
78%
Diviniers Geometry 358K
78%
- Good Times 12M (before remove)
78%
- Life 39M (before remove)
78%
- Lost 2,2M
78%
- Mesmerize 15M (before remove)
78%
- Roots 18M
78%
Marcus Mouya Running Away 13M (before remove)
78%
- Seven 26M (before remove)
78%
Itro Sunburst 86M (before remove)
78%
- Turn It Up 7,2M
78%
- Back To You 1,3M
67%
- Floating no information
67%
Culture Code, Karra Make Me Move (Tobu Remix) 8,3M
67%
- Memory Lane 1M
67%
- Sound Of Goodbye 14M (before remove)
67%
- Funk It 290K
56%
Tom Martensson If I Disappear 1,9M
56%
- Live Your Life 189K
56%
- Return To The Wild 3,1M
33%
No matching quizzes found
Score Distribution
Percent of People with Each Score
Percentile by Number Answered
Your Score History
You have not taken this quiz since the last reset